000 00853cam a2200265 a 4500
008
020 _a0199632537 (hbk.)
020 _a0199632529 (pbk.)
049 _aMAIN
090 _aQP517.M3 MIC
245 0 0 _aMicrocomputers in biochemistry :
_ba practical approach /
_cedited by C.F.A. Bryce.
260 _aOxford ;
_aNew York :
_bIRL Press at Oxford University Press,
_cc1992.
300 _axx, 307 p. :
_bill. ;
_c24 cm.
440 4 _aThe Practical approach series.
504 _aIncludes bibliographical references.
500 _aIncludes index.
650 0 _aBiochemistry
_xData processing.
650 2 _aMicrocomputers.
700 1 _aBryce, Charles F. A.
907 _a.b10005912
_b22-01-07
_c17-04-03
003
005 20230123134332.0
040 _cNUST
942 _cBOOKS
_kQP517.M3 MIC
999 _c164120
_d164120